| 000 | 00928pam a2200277 a 4500 | ||
|---|---|---|---|
| 001 | 3980886 | ||
| 003 | OSt | ||
| 005 | 20140310182036.0 | ||
| 008 | 951113r19961933nyu 000 0 eng | ||
| 010 | _a 95043410 | ||
| 020 | _a0818904380 (pbk.) | ||
| 040 |
_aDLC _cDLC _dDLC |
||
| 050 | 0 | 0 |
_aBT 455 _b.Sh541 1982 |
| 082 | 0 | 0 |
_aHS 232.9635 _bSh3 1982 |
| 100 | 1 |
_aSheen, Fulton J. _q(Fulton John), _d1895-1979. _910715 |
|
| 245 | 1 | 4 |
_aThe Seven last words / _cFulton J. Sheen. |
| 260 |
_aNew York : _bAlba House, _cc1982. |
||
| 300 |
_a63 p. : _c18 cm. |
||
| 600 | 0 | 0 |
_aJesus Christ _xSeven last words _xSermons. _910716 |
| 610 | 2 | 0 |
_aCatholic Church _xSermons. _910717 |
| 650 | 0 |
_aSermons, American _y20th century. _910718 |
|
| 906 |
_a7 _bcbc _corignew _d1 _eocip _f19 _gy-gencatlg |
||
| 942 |
_2lcc _cHS _kHS |
||
| 999 |
_c8683 _d8683 |
||